Fiction / (Record no. 1868)

MARC details
000 -LEADER
fixed length control field 00453cam a2200169 4500
001 - CONTROL NUMBER
control field 2341
005 - DATE AND TIME OF LATEST TRANSACTION
control field 20181127164955.0
008 - FIXED-LENGTH DATA ELEMENTS--GENERAL INFORMATION
fixed length control field 730109s1973 nyu 000 1 eng
010 ## - LIBRARY OF CONGRESS CONTROL NUMBER
LC control number 73000260
020 ## - INTERNATIONAL STANDARD BOOK NUMBER
International Standard Book Number 039309359X
245 00 - TITLE STATEMENT
Title Fiction /
Statement of responsibility, etc. [compiled by] Jerome Beaty.
250 ## - EDITION STATEMENT
Edition statement 1st ed.
300 ## - PHYSICAL DESCRIPTION
Extent xxiv, 613 p. ;
Dimensions 24 cm.
440 #4 - SERIES STATEMENT/ADDED ENTRY--TITLE
Title The Norton introduction to literature
650 #0 - SUBJECT ADDED ENTRY--TOPICAL TERM
Topical term or geographic name entry element Fiction
General subdivision Collections.
700 1# - ADDED ENTRY--PERSONAL NAME
Personal name Beaty, Jerome,
Dates associated with a name 1924-
Holdings
Withdrawn status Lost status Source of classification or shelving scheme Damaged status Not for loan Collection code Home library Current library Shelving location Serial Enumeration / chronology Inventory number Total Checkouts Full call number Barcode Date last seen Price effective from Koha item type
    Dewey Decimal Classification     Main TEST RTC Library RTC Library Main opac 1767   808.83 BAI 30001262 27/11/2018 27/11/2018 Main
Royal Thimphu College || All Right Reserved